000 01203nam a2200337ia 4500
008
020 _a1851662340 (Hardback)
040 _aNUST
_cNUST
090 0 _aTA1677
_bHIG
245 0 0 _aHigh-power lasers :
_bimprovements and applications : a literature study /
_cedited by Judith Sigmond and Marten Terpstra
260 0 _aLondon ;
_aNew York :
_bElsevier Applied Science,
_cc1988
263 _a8805
300 _aix, 226 p. :
_billustrated ;
_c23 cm
336 _atext
_btxt
_2rdacontent
337 _aunmediated
_bn
_2rdamedia
338 _avolume
_bnc
_2rdacarrier
500 _aIncludes index
504 _aIncludes bibliographical references
650 0 _aHigh power lasers
650 0 _aHigh power lasers
_xIndustrial applications
650 0 _aHigh power lasers
_xPatents
650 0 _aHigh power lasers
_xIndustrial applications
_xPatents
700 1 0 _aSigmond, Judith
700 1 0 _aTerpstra, Marten
710 2 0 _aCommission of the European Communities.
_bTechnological Information and Patents Division
907 _a.b10416511
_b22-03-22
_c22-03-22
003
005 20230123141236.0
049 _aMAIN
942 _cBOOKS
_kTA1677
_mHIG
999 _c170118
_d170118